[Event "Int. Stuttgarter Stadtmeisterschaft B"]
[Site "Ditzingen"]
[Date "2012.05.17"]
[Round "2.51"]
[White "Greth, Andreas"]
[Black "Mejerski, Stephan"]
[Result "1-0"]
[WhiteElo "1388"]
[BlackElo "1652"]
[PlyCount "71"]
[EventDate "2012.??.??"]
[WhiteTeam "SC Heitersheim"]
[BlackTeam "SK Schmiden/Cannstatt"]

1. e4 c5 2. f4 Nc6 3. Nf3 d6 4. Bb5 Bd7 5. Nc3 e6 6. O-O Be7 7. Bxc6 bxc6 8. b3
Nh6 9. Bb2 O-O 10. d4 cxd4 11. Qxd4 f6 12. h3 Qc7 13. Rad1 d5 14. Qd2 Rad8 15.
exd5 cxd5 16. Kh1 Nf5 17. Rfe1 Bd6 18. Bc1 Rfe8 19. g4 Ne7 20. Nd4 e5 21. Ndb5
Qb8 22. Nxd6 Qxd6 23. fxe5 fxe5 24. Ne4 Qc6 25. Ng3 e4 26. Qd4 Qb6 27. Qe5 Qe6
28. Qg5 Qg6 29. Qe3 Qd6 30. Qd2 Bc6 31. Bb2 Ng6 32. Bd4 Qc7 33. Qe3 Rd7 34. Rf1
Ne5 35. Rf5 Nf3 36. Rxf3 1-0

[Event "Int. Stuttgarter Stadtmeisterschaft B"]
[Site "Ditzingen"]
[Date "2012.05.17"]
[Round "2.52"]
[White "Debeljak, Anton"]
[Black "Beyer, Andre"]
[Result "1-0"]
[WhiteElo "1650"]
[BlackElo "1417"]
[PlyCount "45"]
[EventDate "2012.??.??"]
[BlackTeam "SC Murrhardt 1948 e.V."]

1. e4 c5 2. Bc4 e6 3. Nc3 a6 4. f4 b5 5. Be2 Bb7 6. d3 Nf6 7. Nf3 Be7 8. O-O d5
9. e5 Ng4 10. Ng5 Nh6 11. Nh3 Nf5 12. Bf3 Nc6 13. Ne2 O-O 14. c3 Qb6 15. Qc2
Nh4 16. Ng3 Nxf3+ 17. Rxf3 d4 18. Ne4 c4 19. Nhf2 Bc5 20. Rh3 Ne7 21. Nxc5 Qxc5
22. dxc4 Qxc4 23. Qxh7# 1-0

[Event "Int. Stuttgarter Stadtmeisterschaft B"]
[Site "Ditzingen"]
[Date "2012.05.17"]
[Round "2.53"]
[White "Malheur, Lothar"]
[Black "Gheng, Dominik"]
[Result "1-0"]
[WhiteElo "1376"]
[BlackElo "1648"]
[PlyCount "39"]
[EventDate "2012.??.??"]
[WhiteTeam "SF Birkenfeld"]
[BlackTeam "TSV Schönaich"]

1. d4 Nf6 2. c4 e6 3. Nf3 b6 4. Nc3 Bb7 5. Qc2 d5 6. cxd5 Nxd5 7. e4 Nxc3 8.
bxc3 c5 9. Ne5 cxd4 10. Bb5+ Ke7 11. Ba3+ Kf6 12. Ng4+ Kg6 13. Bc1 f5 14. exf5+
exf5 15. Ne5+ Kf6 16. Bg5+ Kxg5 17. Nf7+ Kf6 18. Nxd8 Be4 19. Bd3 Bxg2 20. Rg1
1-0

[Event "Int. Stuttgarter Stadtmeisterschaft B"]
[Site "Ditzingen"]
[Date "2012.05.17"]
[Round "2.54"]
[White "Groeger, Michael"]
[Black "Sieweck, Theodor"]
[Result "0-1"]
[WhiteElo "1635"]
[BlackElo "1411"]
[PlyCount "76"]
[EventDate "2012.??.??"]
[WhiteTeam "Mönchfelder SV 1967"]
[BlackTeam "SV Rottweil"]

1. e4 e5 2. Nf3 Nc6 3. Bc4 Be7 4. Nc3 d6 5. h3 Nf6 6. d4 exd4 7. Nxd4 Nxd4 8.
Qxd4 Be6 9. Be3 a6 10. f4 c5 11. Qd3 b5 12. Bxb5+ axb5 13. Nxb5 Rb8 14. c4 Qd7
15. f5 Bxc4 16. Nxd6+ Bxd6 17. Qxc4 Bg3+ 18. Kf1 Qb5 19. Qxb5+ Rxb5 20. b3 Nxe4
21. Ke2 Be5 22. Kd3 Bxa1 23. Rxa1 Nd6 24. g4 O-O 25. Bf4 Rd8 26. Rc1 Nxf5+ 27.
Kc4 Rb7 28. gxf5 Rd4+ 29. Kxc5 Rxf4 30. Kd6 Rb8 31. a4 Rxf5 32. b4 h6 33. b5
Rf6+ 34. Kc7 Rbb6 35. Rc6 Rfxc6+ 36. bxc6 Ra6 37. Kd7 Rxa4 38. c7 Rc4 0-1

[Event "Int. Stuttgarter Stadtmeisterschaft B"]
[Site "Ditzingen"]
[Date "2012.05.17"]
[Round "2.55"]
[White "Reinhold, Nils"]
[Black "Piskaykin, Bogdan"]
[Result "0-1"]
[WhiteElo "1349"]
[BlackElo "1560"]
[PlyCount "94"]
[EventDate "2012.??.??"]
[WhiteTeam "TSG Steinheim"]
[BlackTeam "SV Friedrichshafen"]

1. e4 c5 2. Nf3 d6 3. Bc4 e6 4. d4 cxd4 5. Nxd4 Nf6 6. Nc3 a6 7. O-O Be7 8. Bg5
O-O 9. Nf3 Qc7 10. Bd3 Nc6 11. Re1 Ne5 12. Nxe5 dxe5 13. Bxf6 Bxf6 14. Re3 Rd8
15. Rh3 b5 16. Qh5 h6 17. Rg3 Kh8 18. Re1 b4 19. Nd1 a5 20. Ree3 Ba6 21. Ref3
Qe7 22. Rg4 Bxd3 23. cxd3 Rac8 24. Rh3 Kh7 25. Rgg3 Rc1 26. Qe2 Rdc8 27. Qe1
Bg5 28. Rh5 Bf4 29. Rf3 Rxd1 30. Qxd1 Rc1 31. Qxc1 Bxc1 32. Rxe5 Bxb2 33. Rxa5
Qc7 34. g4 Qxa5 35. h4 Qxa2 36. g5 f6 37. d4 Qb1+ 38. Kg2 Qxe4 39. d5 exd5 40.
g6+ Kxg6 41. h5+ Kxh5 42. Kg3 Qg4+ 43. Kh2 Qxf3 44. Kg1 Kh4 45. Kh2 Be5+ 46.
Kg1 Kh3 47. Kf1 Qd1# 0-1

[Event "Int. Stuttgarter Stadtmeisterschaft B"]
[Site "Ditzingen"]
[Date "2012.05.17"]
[Round "2.56"]
[White "Krebs, Thomas"]
[Black "Lin, Jean-Claude"]
[Result "1-0"]
[WhiteElo "1626"]
[BlackElo "1382"]
[PlyCount "77"]
[EventDate "2012.??.??"]
[WhiteTeam "SK e4 Gerlingen"]
[BlackTeam "SC Sillenbuch"]

1. d4 Nf6 2. Nf3 e6 3. c4 c5 4. e3 d5 5. Be2 Nc6 6. O-O Bd6 7. cxd5 exd5 8.
dxc5 Bxc5 9. Nc3 O-O 10. a3 a5 11. Qc2 Re8 12. Rd1 Ne7 13. Nxd5 Nexd5 14. Qxc5
Be6 15. Qb5 Qe7 16. Bd2 b6 17. Rac1 Bd7 18. Qc4 Rac8 19. Qd4 Qd6 20. Rxc8 Bxc8
21. Bc3 Re4 22. Qd2 Be6 23. Bxf6 gxf6 24. Bc4 Rxc4 25. Qd3 Qc5 26. h3 b5 27.
Kh2 Rc2 28. Rd2 Rc4 29. Nd4 Nc7 30. Qe2 Qd6+ 31. g3 Rc1 32. f3 Bc4 33. Qf2 Qe5
34. e4 Rf1 35. Qg2 f5 36. Nxf5 Ne6 37. b3 Qa1 38. bxc4 Ng5 39. Rd8# 1-0

[Event "Int. Stuttgarter Stadtmeisterschaft B"]
[Site "Ditzingen"]
[Date "2012.05.17"]
[Round "2.57"]
[White "Steinhart, Matthias"]
[Black "Su, Jahn"]
[Result "1-0"]
[WhiteElo "1771"]
[BlackElo "1545"]
[PlyCount "35"]
[EventDate "2012.??.??"]
[WhiteTeam "SF Freiberg"]
[BlackTeam "Spvgg Böblingen"]

1. e4 c5 2. Nf3 d6 3. d4 cxd4 4. Nxd4 Nf6 5. Nc3 g6 6. Be3 Bg7 7. f3 a6 8. Qd2
Nbd7 9. O-O-O Qc7 10. g4 b5 11. h4 Bb7 12. Bh6 O-O 13. h5 gxh5 14. gxh5 Bxh6
15. Qxh6 Kh8 16. Nf5 Ne8 17. Bd3 Ne5 18. Qxf8# 1-0

[Event "Int. Stuttgarter Stadtmeisterschaft B"]
[Site "Ditzingen"]
[Date "2012.05.17"]
[Round "2.58"]
[White "Recker, Martin"]
[Black "Hupfer, Garlef"]
[Result "1/2-1/2"]
[WhiteElo "1864"]
[BlackElo "1685"]
[PlyCount "62"]
[EventDate "2012.??.??"]
[WhiteTeam "SF Freiberg"]
[BlackTeam "Ssg Fils-Lauter e. V."]

1. d4 Nf6 2. Nf3 e6 3. g3 b6 4. Bg2 Bb7 5. c4 Bb4+ 6. Bd2 Be7 7. O-O O-O 8. Nc3
c5 9. dxc5 Bxc5 10. Bg5 h6 11. Bf4 Nc6 12. e4 Ne7 13. e5 Nh5 14. Bd2 f5 15. Nh4
Bxg2 16. Kxg2 Qe8 17. Nb5 Nc6 18. Nc7 Qf7 19. Nxa8 Rxa8 20. Bc3 g5 21. Nf3 Kh7
22. a3 g4 23. Ne1 Rg8 24. b4 Bf8 25. b5 Nd8 26. Nd3 Nb7 27. Bb4 Bxb4 28. axb4
f4 29. gxf4 Kh8 30. Qd2 Qf5 31. Qe3 Qxd3 1/2-1/2

[Event "Int. Stuttgarter Stadtmeisterschaft B"]
[Site "Ditzingen"]
[Date "2012.05.18"]
[Round "3.1"]
[White "Florio, Antonio"]
[Black "Hartmann, Lorenz"]
[Result "1/2-1/2"]
[WhiteElo "1737"]
[BlackElo "1887"]
[PlyCount "58"]
[EventDate "2012.??.??"]

1. c4 g6 2. g3 Bg7 3. Bg2 d6 4. Nc3 e5 5. e4 c6 6. Nge2 a5 7. O-O Be6 8. d3 Na6
9. Be3 f5 10. Qb3 Qe7 11. d4 exd4 12. Bxd4 Bxd4 13. Nxd4 Nc5 14. Qc2 Bxc4 15.
Rfe1 f4 16. Nd5 Qg7 17. Qxc4 cxd5 18. exd5+ Ne7 19. Qb5+ Kf7 20. Ne6 Qf6 21.
Nxc5 dxc5 22. d6 Qxd6 23. Rad1 Qf6 24. Rd7 Rhe8 25. Qxb7 Rad8 26. Qd5+ Kg7 27.
Rexe7+ Rxe7 28. Rxd8 fxg3 29. hxg3 Rf7 1/2-1/2

[Event "Int. Stuttgarter Stadtmeisterschaft B"]
[Site "Ditzingen"]
[Date "2012.05.18"]
[Round "3.2"]
[White "Dölker, Kai"]
[Black "Reichardt, Bernd"]
[Result "1-0"]
[WhiteElo "1865"]
[BlackElo "1816"]
[PlyCount "107"]
[EventDate "2012.??.??"]

1. d4 d5 2. Nf3 Bf5 3. Bf4 Nf6 4. e3 e6 5. Bd3 Bb4+ 6. c3 Bd6 7. Bxf5 Bxf4 8.
Bxe6 O-O 9. Bf5 Re8 10. O-O Bd6 11. Nbd2 g6 12. Bd3 c6 13. Re1 Nbd7 14. e4 dxe4
15. Nxe4 Nxe4 16. Bxe4 Nf6 17. Qc2 Qc7 18. Re2 Re7 19. Rae1 Rae8 20. h3 Kg7 21.
Nd2 Qd7 22. Kf1 Re6 23. Qa4 Bf4 24. d5 cxd5 25. Qxd7 Nxd7 26. Bxd5 Rxe2 27.
Rxe2 Rxe2 28. Kxe2 Bxd2 29. Kxd2 b6 30. Ke3 Kf6 31. Kd4 Ke7 32. b4 f6 33. c4 g5
34. c5 h5 35. c6 Ne5 36. a4 a6 37. b5 axb5 38. axb5 Kd6 39. Ke4 g4 40. f4 Ng6
41. Bf7 gxh3 42. gxh3 Ne7 43. Bxh5 Kc5 44. Be2 Kd6 45. h4 f5+ 46. Ke3 Nd5+ 47.
Kf3 Ke7 48. Bc4 Nc7 49. Ke3 Kf6 50. Kd4 Ne8 51. Kd5 Ke7 52. Ke5 Kd8 53. Bd3 Kc7
54. Kxf5 1-0

[Event "Int. Stuttgarter Stadtmeisterschaft B"]
[Site "Ditzingen"]
[Date "2012.05.18"]
[Round "3.3"]
[White "Hartmann, Anatoli"]
[Black "Viehoff, Jürgen"]
[Result "0-1"]
[WhiteElo "1701"]
[BlackElo "1848"]
[PlyCount "99"]
[EventDate "2012.??.??"]

1. d4 Nf6 2. Bf4 e6 3. e3 c5 4. c3 b6 5. Be2 Bb7 6. Bf3 d5 7. Ne2 Bd6 8. Bxd6
Qxd6 9. Nd2 O-O 10. O-O Nbd7 11. g3 Rac8 12. dxc5 Nxc5 13. Nb3 Qb8 14. Bg2 Nfe4
15. Nxc5 bxc5 16. Bxe4 dxe4 17. c4 Rfd8 18. Qc2 Rd7 19. Rfd1 Rcd8 20. Rxd7 Rxd7
21. Rd1 Qd8 22. Nc3 f5 23. Rxd7 Qxd7 24. Qd1 Qxd1+ 25. Nxd1 Kf7 26. Nc3 Ke7 27.
h4 Bc6 28. b3 a6 29. Kf1 h6 30. Ke2 Be8 31. Kd2 g5 32. hxg5 hxg5 33. a3 Kd6 34.
b4 cxb4 35. axb4 e5 36. g4 Bg6 37. gxf5 Bxf5 38. Na4 Bd7 39. Nc5 Bc8 40. Nxe4+
Kc6 41. Nxg5 a5 42. bxa5 Kc5 43. Kc3 Bf5 44. Nf3 Kd6 45. Kb4 Be4 46. Nd2 Bc6
47. e4 Be8 48. c5+ Ke6 49. Nc4 Bg6 50. Nd6 0-1

[Event "Int. Stuttgarter Stadtmeisterschaft B"]
[Site "Ditzingen"]
[Date "2012.05.18"]
[Round "3.4"]
[White "Winkler, Tim"]
[Black "Notz, Lukas"]
[Result "1-0"]
[WhiteElo "1830"]
[BlackElo "1739"]
[PlyCount "59"]
[EventDate "2012.??.??"]

1. e4 c6 2. d4 d5 3. exd5 cxd5 4. Bd3 Qc7 5. Nf3 Bg4 6. h3 Bxf3 7. Qxf3 e6 8.
c3 Nc6 9. Bf4 Bd6 10. Bxd6 Qxd6 11. Nd2 Nf6 12. Nf1 a6 13. Qg3 Qxg3 14. Nxg3 b5
15. a3 O-O 16. Ne2 Na5 17. Nc1 Nc4 18. Ra2 Rfc8 19. Nb3 Nd7 20. Ke2 Re8 21. Nc5
Ra7 22. b4 e5 23. Bxc4 exd4+ 24. Kd3 Nxc5+ 25. Kxd4 dxc4 26. Kxc5 Re6 27. a4
Rc7+ 28. Kd5 Rd7+ 29. Kc5 Rd3 30. axb5 1-0

[Event "Int. Stuttgarter Stadtmeisterschaft B"]
[Site "Ditzingen"]
[Date "2012.05.18"]
[Round "3.5"]
[White "Hamm, Julian"]
[Black "Issaad, Pascal"]
[Result "1-0"]
[WhiteElo "1695"]
[BlackElo "1828"]
[PlyCount "99"]
[EventDate "2012.??.??"]

1. c4 e5 2. Nc3 Nc6 3. g3 g6 4. Bg2 Bg7 5. Nf3 Nge7 6. O-O O-O 7. d3 d6 8. Bd2
h6 9. Rb1 f5 10. b4 g5 11. b5 Nb8 12. Qb3 Kh8 13. a4 Nd7 14. a5 Ng6 15. Qa2 Rb8
16. a6 b6 17. Nd5 Nc5 18. Nb4 Bd7 19. Ne1 Qf6 20. Nd5 Qd8 21. Nb4 Ne7 22. Nec2
f4 23. Bc3 h5 24. d4 exd4 25. Bxd4 Ne6 26. Bxg7+ Nxg7 27. Nd4 Ngf5 28. Qb2 Kg8
29. Nbc6 Nxc6 30. Nxc6 Bxc6 31. Bxc6 fxg3 32. fxg3 Qf6 33. Qxf6 Rxf6 34. e4
Rbf8 35. exf5 Rxf5 36. Rxf5 Rxf5 37. Bd5+ Kg7 38. Rf1 Kf6 39. Rxf5+ Kxf5 40.
Kf2 Ke5 41. Ke3 Kf5 42. Kd4 Kf6 43. Ke4 Kg6 44. Be6 Kf6 45. Kd5 Ke7 46. g4 h4
47. h3 Kf6 48. Bf5 Ke7 49. Kc6 Kd8 50. Bd7 1-0

[Event "Int. Stuttgarter Stadtmeisterschaft B"]
[Site "Ditzingen"]
[Date "2012.05.18"]
[Round "3.6"]
[White "Kim, Vladimir"]
[Black "Ziegler, Michael"]
[Result "1-0"]
[WhiteElo "1826"]
[BlackElo "1702"]
[PlyCount "77"]
[EventDate "2012.??.??"]

1. f4 Nf6 2. b3 d5 3. Bb2 Nc6 4. Nf3 e6 5. e3 Be7 6. Be2 O-O 7. O-O Re8 8. a3
Ne4 9. Ne5 Nxe5 10. fxe5 f5 11. d3 Ng5 12. Nd2 Nf7 13. Nf3 c5 14. c4 dxc4 15.
bxc4 b6 16. d4 Bb7 17. Qb3 Rc8 18. Rad1 Qc7 19. Bc3 Bxf3 20. gxf3 Bh4 21. f4
Qe7 22. d5 exd5 23. cxd5 Nd6 24. a4 c4 25. Qc2 Ne4 26. Bf3 Nxc3 27. Qxc3 Rc5
28. Rd2 Qd7 29. Rfd1 Qxa4 30. d6 Qd7 31. Bh5 Re6 32. Rg2 Rh6 33. Bf3 Qe6 34. d7
Bd8 35. Rd6 Qxd6 36. exd6 Rf6 37. Qd4 c3 38. Bd5+ Kf8 39. Qe5 1-0

[Event "Int. Stuttgarter Stadtmeisterschaft B"]
[Site "Ditzingen"]
[Date "2012.05.18"]
[Round "3.8"]
[White "Engelhardt, Frank"]
[Black "Gorb, Eugeniusz"]
[Result "1-0"]
[WhiteElo "1892"]
[BlackElo "1543"]
[PlyCount "87"]
[EventDate "2012.??.??"]

1. c4 c5 2. Nf3 Nf6 3. Nc3 Nc6 4. d4 d6 5. d5 Ne5 6. Nxe5 dxe5 7. e4 e6 8. Bg5
h6 9. Bh4 Be7 10. Bg3 exd5 11. cxd5 Bd6 12. Be2 a6 13. O-O O-O 14. a4 Qb6 15.
Qd2 Qb4 16. a5 Nxe4 17. Qc2 Nxg3 18. hxg3 Bd7 19. Ne4 Bf5 20. Nf6+ gxf6 21.
Qxf5 Kg7 22. Bd3 Rh8 23. Bc2 Rad8 24. Ra4 Qd2 25. Rg4+ Qg5 26. f4 Qxg4 27.
Qxg4+ Kf8 28. fxe5 Bxe5 29. Qf3 Bxb2 30. Rb1 Bd4+ 31. Kf1 Rd7 32. Qf5 Rc7 33.
d6 Rc6 34. d7 Ke7 35. Rxb7 Rd8 36. Ba4 Rd6 37. Rb6 R6xd7 38. Bxd7 Rxd7 39. Rxa6
c4 40. Qe4+ Kd8 41. Ra8+ Kc7 42. a6 c3 43. a7 Kb6 44. Rb8+ 1-0

[Event "Int. Stuttgarter Stadtmeisterschaft B"]
[Site "Ditzingen"]
[Date "2012.05.18"]
[Round "3.9"]
[White "Hamm, Lukas"]
[Black "Tönjes, Jürgen"]
[Result "1/2-1/2"]
[WhiteElo "1890"]
[BlackElo "1753"]
[PlyCount "38"]
[EventDate "2012.??.??"]

1. e4 d5 2. exd5 Qxd5 3. Nc3 Qa5 4. Bc4 Nf6 5. d4 c6 6. Nf3 Bf5 7. O-O e6 8.
Re1 Be7 9. Bf4 Nbd7 10. a3 O-O 11. h3 Qd8 12. Qe2 Nb6 13. Ba2 Re8 14. Rad1 Nbd5
15. Nxd5 Nxd5 16. Bh2 Bd6 17. c3 Bxh2+ 18. Nxh2 Nf6 19. Bb1 Bxb1 1/2-1/2

[Event "Int. Stuttgarter Stadtmeisterschaft B"]
[Site "Ditzingen"]
[Date "2012.05.18"]
[Round "3.10"]
[White "Hennig, Jan"]
[Black "Schömbs, Oliver"]
[Result "1/2-1/2"]
[WhiteElo "1753"]
[BlackElo "1865"]
[PlyCount "80"]
[EventDate "2012.??.??"]

1. c4 Nf6 2. Nc3 c5 3. Nf3 Nc6 4. g3 g6 5. Bg2 Bg7 6. O-O O-O 7. d3 d6 8. Rb1
Bd7 9. Bd2 Rb8 10. a3 a5 11. Nb5 Ne8 12. Qc1 Nc7 13. Nxc7 Qxc7 14. Bh6 b5 15.
Bxg7 Kxg7 16. Nd2 Nd4 17. Qd1 Bc6 18. e3 Bxg2 19. Kxg2 Nc6 20. b3 f5 21. Qc2
Qb7 22. Kg1 e5 23. f4 Rf6 24. Kf2 Re8 25. Nf3 b4 26. a4 h6 27. Rbe1 Qe7 28. Re2
Re6 29. Rfe1 e4 30. Nd2 Nd4 31. exd4 e3+ 32. Kf1 exd2 33. Qxd2 Rxe2 34. Rxe2
Qxe2+ 35. Qxe2 Rxe2 36. Kxe2 cxd4 37. Kf3 Kf6 38. h3 Ke6 39. g4 Kf6 40. Kg3 Ke6
1/2-1/2

[Event "Int. Stuttgarter Stadtmeisterschaft B"]
[Site "Ditzingen"]
[Date "2012.05.18"]
[Round "3.11"]
[White "Zimmermann, Tobias"]
[Black "Kohler, Manuel"]
[Result "1-0"]
[WhiteElo "1736"]
[BlackElo "1860"]
[PlyCount "57"]
[EventDate "2012.??.??"]

1. e4 d5 2. exd5 Nf6 3. c4 c6 4. dxc6 Nxc6 5. Nc3 e5 6. d3 Be7 7. Be3 O-O 8.
Nf3 Bg4 9. Be2 Qd7 10. O-O h6 11. a3 Rad8 12. Ne1 Bxe2 13. Qxe2 Rfe8 14. Rd1
Qf5 15. Qf3 Qg6 16. Qg3 Qf5 17. Qf3 Qg6 18. b4 e4 19. Qe2 exd3 20. Nxd3 Bd6 21.
h3 Nd4 22. Qb2 Nf3+ 23. Kh1 Nh4 24. Rg1 Nh5 25. Nd5 Qe4 26. Qe2 Nxg2 27. Rxg2
Nf4 28. N3xf4 Qf5 29. Qg4 1-0

[Event "Int. Stuttgarter Stadtmeisterschaft B"]
[Site "Ditzingen"]
[Date "2012.05.18"]
[Round "3.12"]
[White "Ellinger, Harald"]
[Black "Gampper, Steffen"]
[Result "0-1"]
[WhiteElo "1854"]
[BlackElo "1539"]
[PlyCount "66"]
[EventDate "2012.??.??"]

1. Nf3 e6 2. d4 b6 3. c4 Bb7 4. Nc3 Bb4 5. Qc2 Nf6 6. a3 Bxc3+ 7. Qxc3 Ne4 8.
Qc2 f5 9. e3 O-O 10. Be2 d6 11. O-O Nd7 12. b4 Qe7 13. Bb2 Rac8 14. Nd2 Qg5 15.
f4 Qg6 16. Bf3 Ndf6 17. Nxe4 Bxe4 18. Bxe4 Nxe4 19. d5 c6 20. dxe6 Qxe6 21. Rf3
c5 22. b5 Rfd8 23. Rff1 d5 24. cxd5 Rxd5 25. Rad1 Rcd8 26. Be5 Qd7 27. Rxd5
Qxd5 28. Qb2 Qd3 29. Qa2+ Kf8 30. Qe6 Qxe3+ 31. Kh1 Nf2+ 32. Kg1 Nh3+ 33. Kh1
Qg1+ 0-1

[Event "Int. Stuttgarter Stadtmeisterschaft B"]
[Site "Ditzingen"]
[Date "2012.05.18"]
[Round "3.13"]
[White "Hupfer, Garlef"]
[Black "Bälz, Jürgen"]
[Result "1/2-1/2"]
[WhiteElo "1685"]
[BlackElo "1795"]
[PlyCount "31"]
[EventDate "2012.??.??"]
[WhiteTeam "Ssg Fils-Lauter e. V."]
[BlackTeam "TSV Willsbach"]

1. e4 c6 2. d4 d5 3. Nd2 dxe4 4. Nxe4 Bf5 5. Ng3 Bg6 6. Nf3 Nd7 7. c3 e6 8. Bg5
Qb6 9. Qb3 Qc7 10. Nh4 Ngf6 11. Nxg6 hxg6 12. Bd3 O-O-O 13. O-O-O Bd6 14. Kb1
Rde8 15. Be2 Re7 16. c4 1/2-1/2

[Event "Int. Stuttgarter Stadtmeisterschaft B"]
[Site "Ditzingen"]
[Date "2012.05.18"]
[Round "3.14"]
[White "Gomer, Thomas"]
[Black "Mayer, Dietmar"]
[Result "1-0"]
[WhiteElo "1706"]
[BlackElo "1785"]
[PlyCount "51"]
[EventDate "2012.??.??"]
[WhiteTeam "SV Balingen"]
[BlackTeam "SC Böblingen 1975 e.V."]

1. e4 d5 2. exd5 Nf6 3. d4 Bg4 4. Be2 Bxe2 5. Nxe2 Qxd5 6. O-O Nc6 7. Nbc3 Qh5
8. Ng3 Qg6 9. Nb5 O-O-O 10. c3 e5 11. Be3 Bc5 12. Qa4 exd4 13. Bxd4 Bxd4 14.
Nxd4 Nxd4 15. cxd4 Kb8 16. Rac1 Ne4 17. Qc2 Nxg3 18. Qxc7+ Ka8 19. fxg3 f6 20.
Rfe1 Rhe8 21. Re7 Rb8 22. Rxg7 Qe4 23. Qf4 Qd3 24. Rf7 Re4 25. Qxb8+ Kxb8 26.
Rf8+ 1-0

[Event "Int. Stuttgarter Stadtmeisterschaft B"]
[Site "Ditzingen"]
[Date "2012.05.18"]
[Round "3.15"]
[White "Zaytsev, Evgeny"]
[Black "Bohun, Roland"]
[Result "1-0"]
[WhiteElo "1768"]
[BlackElo "1437"]
[PlyCount "60"]
[EventDate "2012.??.??"]
[WhiteTeam "Stuttgarter SF 1879"]
[BlackTeam "DJK Sportbund Stuttgart e.V."]

1. e4 e6 2. d4 b6 3. Nf3 Bb7 4. Bd3 Ne7 5. O-O d5 6. e5 Ba6 7. Bg5 Bxd3 8. Qxd3
Qd7 9. Nbd2 Nbc6 10. a3 h6 11. Bh4 Nf5 12. c3 Nxh4 13. Nxh4 Be7 14. Qg3 Bxh4
15. Qxh4 Ne7 16. f4 Qb5 17. b4 Qd3 18. Qf2 Nf5 19. Rfc1 O-O 20. Nf1 Rac8 21. g4
Ne7 22. Qe3 Qg6 23. h3 h5 24. Ra2 Nf5 25. Qd3 hxg4 26. Rg2 Qh6 27. hxg4 Qxf4
28. gxf5 Qxc1 29. fxe6 fxe6 30. Qg6 Qh6 1-0

[Event "Int. Stuttgarter Stadtmeisterschaft B"]
[Site "Ditzingen"]
[Date "2012.05.18"]
[Round "3.16"]
[White "Büchele, Markus"]
[Black "Schreiber, Stephan"]
[Result "1/2-1/2"]
[WhiteElo "1760"]
[BlackElo "1708"]
[PlyCount "169"]
[EventDate "2012.??.??"]
[WhiteTeam "SpVgg Rommelshausen"]
[BlackTeam "SC Schachmatt Botnang"]

1. d4 e5 2. dxe5 Nc6 3. Nf3 Qe7 4. g3 Nxe5 5. Nbd2 d5 6. Bg2 c6 7. O-O Nf6 8.
c3 Qc7 9. Nxe5 Qxe5 10. Nf3 Qc7 11. Re1 Bc5 12. b4 Bb6 13. Bf4 Qe7 14. Nd4 O-O
15. Qc2 Bxd4 16. cxd4 Qxb4 17. Be5 Ng4 18. e4 Nxe5 19. dxe5 d4 20. Rab1 Qe7 21.
f4 c5 22. Rec1 b6 23. a4 Ba6 24. a5 Rab8 25. axb6 axb6 26. Qa4 Be2 27. Bf1 Bxf1
28. Kxf1 Rfd8 29. Qc4 h6 30. Ke2 Qe6 31. Qxe6 fxe6 32. Kd3 Kf7 33. h4 h5 34.
Rb3 Rdc8 35. Kc4 Ke7 36. Rcb1 Rc6 37. Rg1 Rc7 38. g4 hxg4 39. Rxg4 Kf7 40. Rbg3
b5+ 41. Kb3 c4+ 42. Kb4 Kg8 43. Rg6 c3 44. Rg1 c2 45. Rc1 d3 46. Rg2 Rc4+ 47.
Kb3 Ra8 48. Rd2 Rxe4 49. Rxd3 Rxf4 50. Rxc2 Rxh4 51. Rg3 b4 52. Rc4 Rxc4 53.
Kxc4 Rb8 54. Kc5 b3 55. Rg1 b2 56. Rb1 Kf7 57. Kd6 Rd8+ 58. Kc5 Rd5+ 59. Kc4
Rxe5 60. Rxb2 Kf6 61. Kd4 g5 62. Rf2+ Rf5 63. Rg2 Rf4+ 64. Ke3 Kf5 65. Rg3 Ra4
66. Rf3+ Kg4 67. Rf6 Ra1 68. Kf2 e5 69. Rf8 Ra4 70. Re8 Re4 71. Re7 Rf4+ 72.
Kg2 e4 73. Re8 Kf5 74. Rf8+ Ke5 75. Re8+ Kd4 76. Rd8+ Ke3 77. Ra8 Rf2+ 78. Kg3
Re2 79. Ra5 Re1 80. Kg2 Ke2 81. Rxg5 e3 82. Rg8 Kd1 83. Kf3 Re2 84. Rg1+ Kd2
85. Ra1 1/2-1/2

[Event "Int. Stuttgarter Stadtmeisterschaft B"]
[Site "Ditzingen"]
[Date "2012.05.18"]
[Round "3.17"]
[White "Wunder, Anton"]
[Black "Bried, Martin"]
[Result "0-1"]
[WhiteElo "1507"]
[BlackElo "1756"]
[PlyCount "94"]
[EventDate "2012.??.??"]
[WhiteTeam "Heilbronner SV"]
[BlackTeam "SpVgg Rommelshausen"]

1. d4 e6 2. c4 d5 3. Nc3 Bb4 4. Qc2 e5 5. cxd5 Qxd5 6. Qa4+ Nc6 7. Qxb4 Nxb4 8.
Nxd5 Nxd5 9. dxe5 Nb4 10. Kd1 Bf5 11. Bf4 O-O-O+ 12. Bd2 Ne7 13. Nf3 Rd7 14. a3
Nc2 15. Rc1 Nd4 16. Nxd4 Rxd4 17. e3 Rd7 18. Ke1 Rhd8 19. Bc3 Nd5 20. Bd4 Kb8
21. Bc4 c6 22. Bc5 Nb6 23. Bb3 g6 24. h3 Bd3 25. Rc3 Be4 26. f3 Bd5 27. Bxd5
Rxd5 28. Bd6+ Kc8 29. Ke2 f6 30. f4 fxe5 31. fxe5 Nd7 32. Rd3 Rxd3 33. Kxd3
Nxe5+ 34. Ke4 Rxd6 35. Kxe5 Rd2 36. Re1 Rxb2 37. Ke6 Rxg2 38. e4 Rg3 39. e5 Rd3
40. Kf6 Kd8 41. Ke6 Ke8 42. Rb1 b6 43. Rf1 Re3 44. Rf7 Rxe5+ 45. Kxe5 Kxf7 46.
Kd6 c5 47. Kd5 Kf6 0-1

[Event "Int. Stuttgarter Stadtmeisterschaft B"]
[Site "Ditzingen"]
[Date "2012.05.18"]
[Round "3.18"]
[White "Schmidt, Max"]
[Black "Ludwig, Siegfried"]
[Result "1-0"]
[WhiteElo "1879"]
[BlackElo "1674"]
[PlyCount "86"]
[EventDate "2012.??.??"]
[WhiteTeam "Sfr. Schöneck"]
[BlackTeam "GSV Hemmingen"]

1. e4 e5 2. Nf3 Nc6 3. Bc4 h6 4. d4 exd4 5. Nxd4 Bc5 6. Be3 Qf6 7. c3 Nge7 8.
O-O Ne5 9. Bb3 d6 10. Qe2 Qg6 11. Nd2 O-O 12. Rad1 Kh8 13. Bc2 f5 14. Nxf5 Nxf5
15. Bxc5 Nh4 16. f3 Bh3 17. Rf2 dxc5 18. Kh1 Be6 19. Rdf1 Rad8 20. g3 Rxd2 21.
Qxd2 Bh3 22. gxh4 Bxf1 23. Rxf1 Qf6 24. h5 Qh4 25. Qg2 Qxh5 26. Bd1 Qf7 27. f4
g5 28. f5 Nc4 29. Bb3 b5 30. Qe2 Rd8 31. Bxc4 bxc4 32. Rd1 Rd7 33. Kg2 Re7 34.
Qf3 Qe8 35. Re1 g4 36. Qf4 Qh5 37. Re3 Kh7 38. e5 Qe8 39. f6 Qf7 40. Qe4+ Kg8
41. fxe7 Qxe7 42. Qg6+ Qg7 43. Qxg7+ Kxg7 1-0

[Event "Int. Stuttgarter Stadtmeisterschaft B"]
[Site "Ditzingen"]
[Date "2012.05.18"]
[Round "3.19"]
[White "Tsybulevsky, Juri"]
[Black "Mavropoulos, Georgios"]
[Result "0-1"]
[WhiteElo "1676"]
[BlackElo "1872"]
[PlyCount "84"]
[EventDate "2012.??.??"]
[WhiteTeam "Stuttgarter SF 1879"]
[BlackTeam "DJK Stuttgart-Süd"]

1. d4 c5 2. c3 e6 3. e4 cxd4 4. cxd4 d5 5. e5 Nc6 6. Nf3 Bd7 7. Nc3 Rc8 8. a3
Nge7 9. Bd3 a6 10. O-O b5 11. Bd2 Na5 12. b3 Qb6 13. Rb1 Nec6 14. Ne2 Be7 15.
Qe1 Bxa3 16. b4 Nc4 17. Bc3 a5 18. bxa5 N6xa5 19. Bb4 Bxb4 20. Qxb4 Qd8 21. Nc3
Nc6 22. Qb3 b4 23. Na4 O-O 24. Nc5 N4a5 25. Qa4 Be8 26. Bb5 Nxd4 27. Nxd4 Rxc5
28. Rxb4 Bxb5 29. Nxb5 Nc4 30. Qa7 Rc8 31. Qd4 Rb8 32. Rbb1 Qg5 33. f4 Qf5 34.
h3 Rb7 35. Nc3 Rfb8 36. Rxb7 Rxb7 37. Nxd5 exd5 38. Qxd5 Qc8 39. Rd1 g6 40. Rd4
Rc7 41. Rd3 Kg7 42. Rd1 Ne3 0-1